Child care and nutrition / (Record no. 133163)

MARC details
000 -LEADER
fixed length control field 00728nam a22002417a 4500
003 - CONTROL NUMBER IDENTIFIER
control field dpl
005 - DATE AND TIME OF LATEST TRANSACTION
control field 20190128152337.0
008 - FIXED-LENGTH DATA ELEMENTS--GENERAL INFORMATION
fixed length control field 180611b xxu||||| |||| 00| 0 eng d
010 ## - LIBRARY OF CONGRESS CONTROL NUMBER
LC control number A-994168
020 ## - INTERNATIONAL STANDARD BOOK NUMBER
Terms of availability 00.00
035 ## - SYSTEM CONTROL NUMBER
System control number A-994168, A-994186, A-994189,A-994188
037 ## - SOURCE OF ACQUISITION
Source of stock number/acquisition Cen Lib/Ret
040 ## - CATALOGING SOURCE
Original cataloging agency DPL
Language of cataloging EN
Transcribing agency 0
082 ## - DEWEY DECIMAL CLASSIFICATION NUMBER
Classification number 649.1
Item number RAH
100 ## - MAIN ENTRY--PERSONAL NAME
Personal name Raheena Beegum
9 (RLIN) 37026
245 ## - TITLE STATEMENT
Title Child care and nutrition /
Statement of responsibility, etc by Raheena Beegum
260 ## - PUBLICATION, DISTRIBUTION, ETC. (IMPRINT)
Place of publication, distribution, etc New Delhi
Name of publisher, distributor, etc Sterling Publishers
Date of publication, distribution, etc 1999
270 ## - ADDRESS
Address L-10, Green Park Extension
City New Delhi
Postal code 110016
300 ## - PHYSICAL DESCRIPTION
Extent iv,126p. :
Dimensions 20cm(Hb)
Other physical details ill.
650 ## - SUBJECT ADDED ENTRY--TOPICAL TERM
Topical term or geographic name as entry element Nutrition
9 (RLIN) 9307
650 ## - SUBJECT ADDED ENTRY--TOPICAL TERM
Topical term or geographic name as entry element Children--Nutrition
9 (RLIN) 19194
942 ## - ADDED ENTRY ELEMENTS (KOHA)
Source of classification or shelving scheme Dewey Decimal Classification
Koha item type English Books
Classification part 649.1
Call number suffix RAH
Holdings
Withdrawn status Lost status Damaged status Not for loan Home library Current library Date acquired Source of acquisition Cost, normal purchase price Total Checkouts Full call number Barcode Date last seen Copy number Cost, replacement price Price effective from Koha item type Public note Source of classification or shelving scheme Collection code
Written off       Central Library Central Library 24/07/2015 Cen Lib/Ret 0.00   649.1 RAH A-994168 24/07/2015 1 0.00 24/07/2015 English Books W/d List No. 6863/ 21 ; dtd 06/08/2020    
        Sarojini Nagar Sarojini Nagar 11/04/2019       649.1 RAH A-994178 11/04/2019     11/04/2019 English Books   Dewey Decimal Classification Non-fiction
        Shahdara Branch Shahdara Branch 11/06/2018 BPPD/PUB 0.00   649.1 RAH A-994186 11/06/2018   0.00 11/06/2018 English Books   Dewey Decimal Classification Non-fiction
        Shahdara Branch Shahdara Branch 12/06/2018 BPPD/PUB 0.00   649.1 RAH A-994189 12/06/2018   0.00 12/06/2018 English Books   Dewey Decimal Classification Non-fiction
        Vigyan Vihar Vigyan Vihar 28/01/2019 BPPD/PUB 70.00   649.1 RAH A-994188 28/01/2019   70.00 28/01/2019 English Books   Dewey Decimal Classification Non-fiction

© Delhi Public Library
Hit Counter
free hit counter